000 00324 a2200157 4500
001 183169
020 _a
040 _cMagnum
100 _aAlbernaz, Kenneth
240 1 0 _aTerror no apartamento
_lpor
245 1 0 _aTerror no apartamento
300 _a60
362 0 _a1986
697 _aLITERATURA GERAL
942 _cBK
999 _c183169
_d183169